000 00621naa a2200217 i 4500
001 31989
003 ES-MaBCM
005 20241016095215.0
008 941013s1994 esp 000 0 spa d
021 _axx
035 _a(OCoLC)1365141266
040 _cES-MaBCM
041 0 _aspa
043 _aesp
100 1 _aGil Corral, Antonio María
_918710
245 1 0 _aEmpresas multiservicios
_b: (mensajería)
_cAntonio María Gil Corral
650 7 _aMensajero
_959389
651 2 4 _aEspaña
_9115342
773 0 _aEn:
_tActualidad financiera
_dMadrid : 1994
_w104738
_gn. 36, oct., p. 435-458. - Loc. S.225
942 _cAREV
999 _c31989
_d31989